Estadísticas para Nombre 14 países de la OPEP

Haz click aquí para intentar la prueba.

Estadísticas generales

  • Esta prueba ha sido intentada 17 veces
  • La puntuación promedio es 10 de 14

Estadísticas de respuestas

HintRespuesta% Correcto
Arabia Saudita
100%
VVenezuela
100%
Emiratos Árabes Unidos
88%
Irak
88%
IIrán
88%
KKuwait
88%
LLibia
88%
NNigeria
81%
Argelia
69%
EEcuador
69%
Gabón
50%
GGuinea Ecuatorial
50%
AAngola
38%
CCongo
31%

Distribución de puntuación

Porcentaje por número respondido

Porcentaje de gente con cada puntuación

Historial de tus puntuaciones

No has intentado esta prueba.